Southville International School and Colleges
Your cart is empty.
  • Cart
  • Lists
    Public lists Eva Luna New books Lux_list list_1
    Your lists Log in to create your own lists
  • Log in to your account
  • Your cookies
  • Search history
Southville International School and Colleges
  • Advanced search
  • Recent comments
  • Most popular
  • Libraries

Log in to your account

Log in with GOOGLE


If you do not have an external account, but do have a local account, you can still log in:

  1. Home
  2. MARC view: The Rise and fall of the third reich.
Normal view MARC view ISBD view

The Rise and fall of the third reich. (Record no. 109291)

[ view plain ]
MARC details
000 -LEADER
fixed length control field 00405nam a2200157 a 4500
005 - DATE AND TIME OF LATEST TRANSACTION
control field 20140414093841.0
008 - FIXED-LENGTH DATA ELEMENTS--GENERAL INFORMATION
fixed length control field 071009s19uu xx uuu eng d
050 ## - LIBRARY OF CONGRESS CALL NUMBER
Classification number VCD 320
Item number RIS
245 ## - TITLE STATEMENT
Title The Rise and fall of the third reich.
260 ## - PUBLICATION, DISTRIBUTION, ETC. (IMPRINT)
Place of publication, distribution, etc Sl :
Name of publisher, distributor, etc Warner Brothers.
300 ## - PHYSICAL DESCRIPTION
Extent 3 video disks
650 ## - SUBJECT ADDED ENTRY--TOPICAL TERM
Topical term or geographic name as entry element National Socialism.
650 ## - SUBJECT ADDED ENTRY--TOPICAL TERM
Topical term or geographic name as entry element Film (adaptation).
942 ## - ADDED ENTRY ELEMENTS (KOHA)
Koha item type Audio Visual Materials
Holdings
Withdrawn status Lost status Damaged status Use restrictions Home library Current library Shelving location Date acquired Source of acquisition Total Checkouts Full call number Barcode Date last seen Price effective from Koha item type
        Luxembourg Library Luxembourg Library Audio Visual Material Section 10/09/2007     VCD 320 RIS AV0928 04/14/2014 04/14/2014 Audio Visual Materials

The Rise and fall of the third reich.

APA

The Rise and fall of the third reich. Sl: Warner Brothers.

Chicago

The Rise and fall of the third reich. Sl: Warner Brothers.

Harvard

The Rise and fall of the third reich. Sl: Warner Brothers.

MLA

Sl: Warner Brothers. .

  • Place hold
  • Print
  • Cite
  • Add to your cart (remove)
  • Save record
    BIBTEX Dublin Core MARCXML MARC (non-Unicode/MARC-8) MARC (Unicode/UTF-8) MARC (Unicode/UTF-8, Standard) MODS (XML) RIS
  • More searches
    Search for this title in:
    Other Libraries (WorldCat) Other Databases (Google Scholar) Online Stores (Bookfinder.com) Open Library (openlibrary.org)

Exporting to Dublin Core...

SOUTHVILLE LIBRARY

Southville International School and Colleges Library

1281 Tropical Ave. Cor. Luxembourg St., BF Homes International, Las Pinas City

Tel. No. 8256374 / 252358 Loc. 117/146

Powered by Koha